Представление документа в формате MARC21

ПолеНазваниеЗначение
  Тип записи a
  Библиографический уровень m
001 Контрольный номер RU\infra-m\znanium\bibl\995542
005 Дата корректировки 20230313235218.6
008 Кодируемые данные 210925s2019 RU g rus u
020 Индекс ISBN __
a ISBN 978-5-16-014643-0
020 Индекс ISBN __
a ISBN 978-5-16-107142-7
040 Источник каталогиз. __
a Служба первич. каталог. Общество с ограниченной ответственностью «ЗНАНИУМ»
041 Код языка издания __
a Код языка текста rus
044 Код страны публикации __
a Код страны публикации RU
080 Индекс УДК __
a Индекс УДК 616.346.2-002(075.8)
084 Индекс другой классификации/Индекс ББК __
2 Источник индекса rubbk
a Индекс другой классификации/Индекс ББК 54.57я73
084 Индекс другой классификации/Индекс ББК __
2 Источник индекса okso
a Индекс другой классификации/Индекс ББК 31.05.01
084 Индекс другой классификации/Индекс ББК __
2 Источник индекса okso
a Индекс другой классификации/Индекс ББК 31.06.01
084 Индекс другой классификации/Индекс ББК __
2 Источник индекса okso
a Индекс другой классификации/Индекс ББК 31.08.67
100 Автор __
a Автор Ачкасов Евгений Евгеньевич
q Полное имя Евгений Евгеньевич
245 Заглавие __
a Заглавие Острый аппендицит: клиника, диагностика, лечение
b Продолж. заглавия Учебное пособие
c Ответственность Первый Московский государственный медицинский университет им. И.М. Сеченова; Первый Московский государственный медицинский университет им. И.М. Сеченова
250 Сведения об издании __
a Основные сведения об издании 1
260 Выходные данные __
a Место издания Москва
b Издательство ООО "Научно-издательский центр ИНФРА-М"
c Дата издания 2020
300 Физическое описание __
a Объем 167 с.
440 Серия __
a Серия Высшее образование: Специалитет
520 Аннотация __
a Аннотация В учебном пособии последовательно освещены вопросы анатомии червеобразного отростка эпидемиологии этиологии патогенеза классификации клинической картины диагностики и лечения острого аппендицита и его осложнений. Подробно рассмотрены вопросы хирургического лечения острого аппендицита и профилактики послеоперационных осложнений. Отдельная глава посвящена осложненным формам острого аппендицита. Особое внимание уделено организации оказания медицинской помощи больным с острым аппендицитом особенностям течения заболевания у детей пациентов пожилого и старческого возраста беременных. Впервые в учебном издании представлены психологические аспекты реабилитации хирургических больных. Усвоению материала учебного пособия способствуют тестовые задания и вопросы для самоконтроля.
521 Примеч. о цел. назн. __
a Примеч. о целев. назн. ВО - Специалитет
650 Тематические рубрики __
a Основная рубрика Медицина. Фармакология
x Основная подрубрика Оперативная хирургия
700 Другие авторы __
a Другие авторы Забелин Максим Васильевич
q Полное имя Максим Васильевич
700 Другие авторы __
a Другие авторы Посудневский Владислав Иванович
q Полное имя Владислав Иванович
700 Другие авторы __
a Другие авторы Пугаев Андрей Владимирович
q Полное имя Андрей Владимирович
700 Другие авторы __
a Другие авторы Ярославская Мария Александровна
q Полное имя Мария Александровна
856 Электронный адрес документа 4_
a Имя сервера/домена znanium.com
m Помощь ebs_support@infra-m.ru
n Местонахождение сервера НИЦ ИНФРА-М
u URL https://znanium.com/catalog/document?id=347139
856 Электронный адрес документа 41
a Имя сервера/домена znanium.com
d Путь /cover/0995
f Электронное имя 995542.jpg
q Тип электронного формата image/jpeg
u URL https://znanium.com/cover/0995/995542.jpg
911 __
u 0030=https://znanium.com/catalog/document?id=347139
911 __
u 608a=Учебное пособие
u 6082=local
911 __
u 712a=Первый Московский государственный медицинский университет им. И.М. Сеченова
911 __
u 9035=42
911 __
u 951p=s://znanium.com/catalog/document?id=347139&pid=